000 01343nam a2200277 a 4500
001 000303728
003 AM-YeHGA
005 20250618071943.0
008 040127s2000 ai ||||gr||||||||||darm|d
020 _a9789939750156
020 _a978-9939-75-015-6 (Գ. 4)
040 _aAM-YeHGA
041 0 _aarm
245 0 0 _aԱռաջին ծիլեր :
_b[Բանաստեղծություններ, պատմվածքներ] /
_cԿազմ.՝ Հ.Վ. Կարապետյան, Լ.Տ. Սարգսյան ; Երևանի քաղաքապետարան, Ավ. Իսահակյանի անվան կենտ. գրադ.
260 _aԵրևան :
_bԱ. հ.,
_c2000-
300 _aգիրք ;
_c20 սմ.
500 _aԳիրքը նվ. է Ավ. Իսահակյանի ծննդյան 125 և գրադարանը նրա անունով կոչելու 45 ամյակներին
505 0 0 _gԳ. 1 (2000; 69 էջ) ;
_gԳ. 2 (2005; 44 էջ) ;
_gԳ. 3 (2010; 63 էջ) ;
_gԳ. 4 (2015; 84 էջ)
650 1 4 _aՀայ գրականություն
700 1 _aԿարապետյան, Հ.Վ.
_eկազմ.
_4com
700 1 _aՍարգսյան, Լիպարիտ Տիգրանի,
_d1938-2023
_eկազմ.
_4com
_91060
710 2 _aԱվ. Իսահակյանի անվան կենտրոնական գրադարան
710 2 _aԵրևանի քաղաքապետարան
942 _2udc
_cBK
090 _c113255
999 _c111918
_d111918